01425agaaa2200277 45000010005000000030009000050050017000140070009000310080040000400400023000800410013001031000050001161300052001662450266002182500022004842600115005063000033006215080170006545110061008245380016008855460013009016500056009147000059009707000056010297000062010850711IT-RoPAU20220918181230.0d cvaizq50131s9999||||xx ||| | || ||und|| aIT-RoPAUcIT-RoPAU aITALIANO aOdorisio LucianogCodice regista SPICS: 11233 aMONACA DI MONZA (LA)-ECCESSI, MISFATTI, DELITTI aMONACA DI MONZA (LA)-ECCESSI, MISFATTI, DELITTIcProdotto da: Di Clemente Gianni -- Sceneggiatura: Capone Gino Lizzani Carlo Odorisio Luciano -- Diretto da: Odorisio LucianopMONACA DI MONZA (LA)-ECCESSI, MISFATTI, DELITTI (Rif. Codice opera principale : F0711) aEdizione Standard a(ITALIA)bCLEMI CINEMATOGRAFICA / Distribuzione: RETE QUATTROg"1997 (1° ed.: 1997 ; Ed. Lingua Orig.: 1997)" aVHSbsonoro, col.c90 minuti a"Fotografia: Albani Romano; Montaggio: Meniconi Enzo; Musica: Donaggio Pino; Sceneggiatura: Capone Gino Lizzani Carlo Odorisio Luciano; Scenografia: Razzi Massimo; " a"Roussel Myriem; Gassman Alessandro; De; Carmine Renato" aPAL, STEREO aITALIANO aDRAMMATICOeFILMS [VHS]xCodice MATERIA SPICS: 9960 aCapone Gino e(soggetto)gCodice Soggetto SPICS: 50385 aDonaggio Pinoe(musica)gCodice Musica SPICS: 13658 aOdorisio Luciano e(regista)gCodice regista SPICS: 11233